|
|
|
|
| LEADER |
02000nam a2200541 i 4500 |
| 001 |
nkc20172934344 |
| 003 |
CZ PrNK |
| 005 |
20180209101207.0 |
| 007 |
ta |
| 008 |
170925s2017 xr f 000 0 slo |
| 015 |
|
|
|a cnb002934344
|
| 020 |
|
|
|a 978-80-7552-873-5
|q (brožováno)
|
| 035 |
|
|
|a (OCoLC)1028197164
|
| 040 |
|
|
|a OLA001
|b cze
|e rda
|
| 041 |
0 |
|
|a slo
|b eng
|b slo
|
| 072 |
|
7 |
|a 005
|x Management. Řízení
|2 Konspekt
|9 4
|
| 080 |
|
|
|a 005.742-057.162
|2 MRF
|
| 080 |
|
|
|a 159.923
|2 MRF
|
| 080 |
|
|
|a 316.613.4
|2 MRF
|
| 080 |
|
|
|a 159.942
|2 MRF
|
| 080 |
|
|
|a (048.8:082)
|2 MRF
|
| 100 |
1 |
|
|a Lajčin, Daniel
|7 hka2012735676
|4 aut
|
| 245 |
1 |
0 |
|a Sociálna a emocionálna inteligencia osobnosti manažéra v priestore morálky a práva :
|b vybrané osobnostné vlastnosti manažéra v priestore právneho iusnaturalizmu /
|c Daniel Lajčin, Gabriela Gabrhelová, Ferdinand Korn
|
| 250 |
|
|
|a Prvé vydanie
|
| 264 |
|
1 |
|a Praha :
|b Wolters Kluwer,
|c 2017
|
| 300 |
|
|
|a 263 stran ;
|c 21 cm
|
| 336 |
|
|
|a text
|b txt
|2 rdacontent
|
| 337 |
|
|
|a bez média
|b n
|2 rdamedia
|
| 338 |
|
|
|a svazek
|b nc
|2 rdacarrier
|
| 504 |
|
|
|a Obsahuje bibliografii
|
| 546 |
|
|
|a Slovenské a anglické resumé
|
| 650 |
0 |
7 |
|a manažeři
|7 ph122605
|2 czenas
|
| 650 |
0 |
7 |
|a psychologie osobnosti
|7 ph115951
|2 czenas
|
| 650 |
0 |
7 |
|a sociální inteligence
|7 ph478597
|2 czenas
|
| 650 |
0 |
7 |
|a emoční inteligence
|7 ph119926
|2 czenas
|
| 650 |
0 |
9 |
|a executives
|2 eczenas
|
| 650 |
0 |
9 |
|a psychology of personality
|2 eczenas
|
| 650 |
0 |
9 |
|a social intelligence
|2 eczenas
|
| 650 |
0 |
9 |
|a emotional intelligence
|2 eczenas
|
| 655 |
|
7 |
|a kolektivní monografie
|7 fd501537
|2 czenas
|
| 655 |
|
9 |
|a collective monographs
|2 eczenas
|
| 700 |
1 |
|
|a Gabrhelová, Gabriela
|7 hka2016918369
|4 aut
|
| 700 |
1 |
|
|a Korn, Ferdinand,
|d 1961-
|7 ola2017975009
|4 aut
|
| 910 |
2 |
|
|a BOA001
|b 2-1399.615
|
| 990 |
|
|
|a BK
|
| 995 |
|
|
|a 01
|
| 991 |
|
|
|b 201712
|c NOV
|
| 996 |
6 |
|
|b 2610728106
|c 2-1399.615
|l MZK
|r Sklad / do 1 hodiny
|n 1
|p p.v.
|w 001644008
|u 000010
|a 1
|e BOA001
|j MZK50
|s P
|